Normal view
MARC view
- القراءة-دراسة وتعليم. الكتابة-دراسة وتعليم
Entry Topical Term
001 - CONTROL NUMBER
- control field: 8453
003 - CONTROL NUMBER IDENTIFIER
- control field: JO-AjAnu
005 - DATE AND TIME OF LATEST TRANSACTION
- control field: 20230606071649.0
008 - FIXED-LENGTH DATA ELEMENTS
- fixed length control field: 230606|| aca||aabn | a|a d
040 ## - CATALOGING SOURCE
- Original cataloging agency: JO-AjAnu
- Transcribing agency: JO-AjAnu
150 ## - HEADING--TOPICAL TERM
- Topical term or geographic name entry element: القراءة-دراسة وتعليم. الكتابة-دراسة وتعليم
670 ## - SOURCE DATA FOUND
- Source citation: Work cat.: (JO-AjAnu)4364: مونرو،ماريون مؤلف/ناشد سامي،مترجم/القوصي،عبد العزيز مراجع ومقدم, author 8452, تعليم القراءة والكتابة